00470nam a2200169Ia 4500999001500000003000400015005001700019008004100036040000900077082001800086100001900104245006500123260004800188300000900236650001300245942004200258 c6469d6469OSt20211122103833.0190216s9999||||xx |||||||||||||| ||und|| coclc a658.15bVIN/F aVinod, A9643 0aFundamentals Of Financial Management And Auditing /cA Vinod bCalicut University Press, c2003.aCalicut: a416p aCommerce cBK2ddch658.15iVIN/Fk658.15mVIN/F